<?xml version="1.0" encoding="UTF-8"?>
<record
    xmlns:xsi="http://www.w3.org/2001/XMLSchema-instance"
    xsi:schemaLocation="http://www.loc.gov/MARC21/slim http://www.loc.gov/standards/marcxml/schema/MARC21slim.xsd"
    xmlns="http://www.loc.gov/MARC21/slim">

  <leader>01351nam a2200193 a 4500</leader>
  <controlfield tag="008">180918e2014    sp  |||g||||| 001 1 spa d</controlfield>
  <datafield tag="020" ind1=" " ind2=" ">
    <subfield code="a">9788498382808</subfield>
  </datafield>
  <datafield tag="041" ind1=" " ind2=" ">
    <subfield code="a">spa</subfield>
  </datafield>
  <datafield tag="092" ind1=" " ind2=" ">
    <subfield code="c">808</subfield>
    <subfield code="l">74</subfield>
    <subfield code="s">RIO</subfield>
  </datafield>
  <datafield tag="100" ind1="1" ind2=" ">
    <subfield code="a">Riordan, Rick</subfield>
    <subfield code="9">4305</subfield>
  </datafield>
  <datafield tag="245" ind1=" " ind2="3">
    <subfield code="a">El mar de los monstruos.</subfield>
    <subfield code="b">Percy Jackson y los dioses del Olimpo II /</subfield>
    <subfield code="c">Rick Riordan</subfield>
  </datafield>
  <datafield tag="250" ind1=" " ind2=" ">
    <subfield code="a">4a ed.</subfield>
    <subfield code="b">Traducci&#xF3;n Santiago del Rey</subfield>
  </datafield>
  <datafield tag="260" ind1=" " ind2=" ">
    <subfield code="a">Barcelona:</subfield>
    <subfield code="b">Salamandra;</subfield>
    <subfield code="c">2014.</subfield>
  </datafield>
  <datafield tag="300" ind1=" " ind2=" ">
    <subfield code="a">253 p.</subfield>
  </datafield>
  <datafield tag="500" ind1=" " ind2=" ">
    <subfield code="a">Riordan, R.(2014). El mar de los monstruos. (4a ed.). Barcelona : Salamandra.</subfield>
  </datafield>
  <datafield tag="505" ind1=" " ind2=" ">
    <subfield code="a">Desde que sabe que es hijo de un dios y una mortal, Percy Jackson espera que el destino le depare continuas aventuras. Y su expectativa se cumplir&#xE1; con creces. Aunque el nuevo curso en la escuela Meriwether transcurre con inusual normalidad, un simple partido de bal&#xF3;n prisionero acaba en batalla campal contra una banda de feroces gigantes. A partir de ah&#xED; las cosas se precipitan: el per&#xED;metro m&#xE1;gico que protege el campamento mestizo es destruido por in misterioso enemigo y la &#xFA;nica seguridad con que contaban los semidioses desaparece. As&#xED;, para impedir este da&#xF1;o irreversible, Percy y sus amigos inician la traves&#xED;a del temible mar de los monstruos en busca de lo &#xFA;nico que puede salvar el campamento: el Vellocino de oro. </subfield>
  </datafield>
  <datafield tag="655" ind1=" " ind2=" ">
    <subfield code="a">Literatura</subfield>
    <subfield code="9">2917</subfield>
  </datafield>
  <datafield tag="942" ind1=" " ind2=" ">
    <subfield code="2">ddc</subfield>
    <subfield code="c">LIT</subfield>
  </datafield>
  <datafield tag="999" ind1=" " ind2=" ">
    <subfield code="c">3254</subfield>
    <subfield code="d">3254</subfield>
  </datafield>
  <datafield tag="952" ind1=" " ind2=" ">
    <subfield code="0">0</subfield>
    <subfield code="1">0</subfield>
    <subfield code="2">ddc</subfield>
    <subfield code="4">0</subfield>
    <subfield code="7">0</subfield>
    <subfield code="a">BFM</subfield>
    <subfield code="b">BFM</subfield>
    <subfield code="c">CR</subfield>
    <subfield code="d">2025-04-23</subfield>
    <subfield code="e">Donaci&#xF3;n Abril 2025. Chiara Montenegro</subfield>
    <subfield code="l">0</subfield>
    <subfield code="o">808 74 RIO</subfield>
    <subfield code="p">5011</subfield>
    <subfield code="r">2025-04-24</subfield>
    <subfield code="t">Ej.1</subfield>
    <subfield code="w">2025-04-24</subfield>
    <subfield code="y">LIT</subfield>
    <subfield code="z">Donaci&#xF3;n Abril 2025. Chiara Montenegro. Sede Tordos.</subfield>
    <subfield code="f"></subfield>
  </datafield>
</record>
